Selecteer de Wereldvlaggen - Statistieken

Algemene statistieken
  • Deze quiz is 1.920 keer genomen
  • De gemiddelde score is 86 van 125
Antwoordstatistieken
Vraag Vak Select % Correct
van landen met meer dan 100 miljoen inwoners Ja
99%
van landen met meer dan 100 miljoen inwoners Nee
99%
van landen met meer dan 100 miljoen inwoners Nee
98%
van landen met meer dan 100 miljoen inwoners Nee
98%
van landen met meer dan 100 miljoen inwoners Nee
98%
van landen met meer dan 100 miljoen inwoners Ja
94%
van landen met meer dan 100 miljoen inwoners Nee
94%
van landen met meer dan 100 miljoen inwoners Nee
93%
van landen met meer dan 100 miljoen inwoners Nee
92%
van landen met meer dan 100 miljoen inwoners Nee
92%
van landen met meer dan 100 miljoen inwoners Nee
91%
van landen met meer dan 100 miljoen inwoners Nee
88%
van landen met meer dan 100 miljoen inwoners Nee
88%
van landen met meer dan 100 miljoen inwoners Nee
87%
van landen met meer dan 100 miljoen inwoners Nee
85%
van landen met 8 of meer aangrenzende landen Nee
84%
van landen met 8 of meer aangrenzende landen Nee
84%
van landen met 8 of meer aangrenzende landen Nee
83%
van landen met 8 of meer aangrenzende landen Nee
83%
van landen met 8 of meer aangrenzende landen Nee
83%
van landen met 8 of meer aangrenzende landen Nee
83%
van landen met meer dan 100 miljoen inwoners Ja
82%
van landen met 8 of meer aangrenzende landen Nee
82%
van landen met 8 of meer aangrenzende landen Nee
82%
van landen met 8 of meer aangrenzende landen Nee
82%
van landen met 8 of meer aangrenzende landen Nee
82%
van landen met 8 of meer aangrenzende landen Nee
82%
van landen met meer dan 100 miljoen inwoners Nee
81%
van landen met 8 of meer aangrenzende landen Nee
81%
van landen die volledig op eilanden liggen Nee
81%
van landen die volledig op eilanden liggen Nee
81%
van landen die volledig op eilanden liggen Nee
81%
van landen die volledig op eilanden liggen Nee
81%
van landen die volledig op eilanden liggen Nee
81%
van landen die volledig op eilanden liggen Nee
81%
van landen die volledig op eilanden liggen Nee
81%
van landen die volledig op eilanden liggen Nee
81%
van landen die volledig op eilanden liggen Nee
81%
van landen die volledig op eilanden liggen Nee
81%
van landen die volledig op eilanden liggen Nee
81%
van landen die volledig op eilanden liggen Nee
81%
van landen met 8 of meer aangrenzende landen Nee
80%
van landen met 8 of meer aangrenzende landen Nee
80%
van landen die volledig op eilanden liggen Nee
80%
van landen die volledig op eilanden liggen Nee
80%
van landen die volledig op eilanden liggen Nee
80%
van landen die volledig op eilanden liggen Nee
80%
van landen die volledig op eilanden liggen Nee
80%
van landen die volledig op eilanden liggen Nee
80%
van landen met meer dan 100 miljoen inwoners Ja
77%
van landen met meer dan 100 miljoen inwoners Nee
77%
van landen met 8 of meer aangrenzende landen Nee
77%
van landen met meer dan 100 miljoen inwoners Nee
76%
van landen met 8 of meer aangrenzende landen Nee
76%
van landen met gebied in het Zuidelijk Halfrond (exclusief overzeese gebieden) Nee
76%
van landen met gebied in het Zuidelijk Halfrond (exclusief overzeese gebieden) Nee
76%
van landen met meer dan 100 miljoen inwoners Ja
75%
van landen met gebied in het Zuidelijk Halfrond (exclusief overzeese gebieden) Nee
75%
van landen met gebied in het Zuidelijk Halfrond (exclusief overzeese gebieden) Nee
75%
van landen met gebied in het Zuidelijk Halfrond (exclusief overzeese gebieden) Nee
75%
van landen met gebied in het Zuidelijk Halfrond (exclusief overzeese gebieden) Nee
74%
van landen met gebied in het Zuidelijk Halfrond (exclusief overzeese gebieden) Nee
74%
van landen met gebied in het Zuidelijk Halfrond (exclusief overzeese gebieden) Nee
74%
van landen die aan de Atlantische Oceaan grenzen (inclusief aangrenzende zeeën) Nee
73%
van landen die volledig op eilanden liggen Nee
72%
van landen met gebied in het Zuidelijk Halfrond (exclusief overzeese gebieden) Nee
72%
van landen met gebied in het Zuidelijk Halfrond (exclusief overzeese gebieden) Nee
72%
van landen die volledig op eilanden liggen Ja
71%
van landen die aan de Atlantische Oceaan grenzen (inclusief aangrenzende zeeën) Ja
71%
van landen die aan de Atlantische Oceaan grenzen (inclusief aangrenzende zeeën) Nee
71%
van landen die aan de Atlantische Oceaan grenzen (inclusief aangrenzende zeeën) Nee
71%
van landen die aan de Atlantische Oceaan grenzen (inclusief aangrenzende zeeën) Nee
71%
van landen met gebied in het Zuidelijk Halfrond (exclusief overzeese gebieden) Nee
71%
van landen die aan de Atlantische Oceaan grenzen (inclusief aangrenzende zeeën) Nee
70%
van landen die aan de Atlantische Oceaan grenzen (inclusief aangrenzende zeeën) Nee
70%
van landen met gebied in het Zuidelijk Halfrond (exclusief overzeese gebieden) Nee
70%
van landen met gebied in het Zuidelijk Halfrond (exclusief overzeese gebieden) Nee
70%
van landen die volledig op eilanden liggen Ja
69%
van landen met 8 of meer aangrenzende landen Ja
68%
van landen met 8 of meer aangrenzende landen Nee
67%
van landen die volledig op eilanden liggen Ja
67%
van landen die aan de Atlantische Oceaan grenzen (inclusief aangrenzende zeeën) Nee
67%
van landen met gebied in het Zuidelijk Halfrond (exclusief overzeese gebieden) Ja
67%
van landen die volledig op eilanden liggen Ja
66%
van landen met 8 of meer aangrenzende landen Ja
65%
van landen met gebied in het Zuidelijk Halfrond (exclusief overzeese gebieden) Nee
65%
van landen die volledig op eilanden liggen Ja
64%
van landen die aan de Atlantische Oceaan grenzen (inclusief aangrenzende zeeën) Ja
64%
van landen met gebied in het Zuidelijk Halfrond (exclusief overzeese gebieden) Ja
64%
van landen met gebied in het Zuidelijk Halfrond (exclusief overzeese gebieden) Ja
62%
van landen met gebied in het Zuidelijk Halfrond (exclusief overzeese gebieden) Ja
62%
van landen die aan de Atlantische Oceaan grenzen (inclusief aangrenzende zeeën) Ja
61%
van landen met 8 of meer aangrenzende landen Nee
60%
van landen die aan de Atlantische Oceaan grenzen (inclusief aangrenzende zeeën) Ja
60%
van landen die aan de Atlantische Oceaan grenzen (inclusief aangrenzende zeeën) Ja
60%
van landen met meer dan 100 miljoen inwoners Ja
58%
van landen met meer dan 100 miljoen inwoners Ja
58%
van landen met gebied in het Zuidelijk Halfrond (exclusief overzeese gebieden) Nee
58%
van landen die aan de Atlantische Oceaan grenzen (inclusief aangrenzende zeeën) Ja
57%
van landen die aan de Atlantische Oceaan grenzen (inclusief aangrenzende zeeën) Ja
56%
van landen met gebied in het Zuidelijk Halfrond (exclusief overzeese gebieden) Nee
55%
van landen met gebied in het Zuidelijk Halfrond (exclusief overzeese gebieden) Nee
55%
van landen met 8 of meer aangrenzende landen Ja
51%
van landen met meer dan 100 miljoen inwoners Ja
50%
van landen die aan de Atlantische Oceaan grenzen (inclusief aangrenzende zeeën) Ja
50%
van landen die volledig op eilanden liggen Ja
49%
van landen met gebied in het Zuidelijk Halfrond (exclusief overzeese gebieden) Ja
49%
van landen met 8 of meer aangrenzende landen Ja
47%
van landen die aan de Atlantische Oceaan grenzen (inclusief aangrenzende zeeën) Ja
46%
van landen die aan de Atlantische Oceaan grenzen (inclusief aangrenzende zeeën) Ja
42%
van landen met 8 of meer aangrenzende landen Ja
41%
van landen met gebied in het Zuidelijk Halfrond (exclusief overzeese gebieden) Ja
41%
van landen met gebied in het Zuidelijk Halfrond (exclusief overzeese gebieden) Ja
36%
van landen met meer dan 100 miljoen inwoners Ja
34%
van landen die aan de Atlantische Oceaan grenzen (inclusief aangrenzende zeeën) Ja
32%
van landen die aan de Atlantische Oceaan grenzen (inclusief aangrenzende zeeën) Ja
32%
van landen die aan de Atlantische Oceaan grenzen (inclusief aangrenzende zeeën) Ja
31%
van landen die aan de Atlantische Oceaan grenzen (inclusief aangrenzende zeeën) Ja
30%
van landen die aan de Atlantische Oceaan grenzen (inclusief aangrenzende zeeën) Ja
27%
van landen die aan de Atlantische Oceaan grenzen (inclusief aangrenzende zeeën) Ja
25%
van landen die aan de Atlantische Oceaan grenzen (inclusief aangrenzende zeeën) Ja
23%
van landen die aan de Atlantische Oceaan grenzen (inclusief aangrenzende zeeën) Ja
21%
van landen met 8 of meer aangrenzende landen Ja
20%
van landen met 8 of meer aangrenzende landen Ja
18%
van landen met gebied in het Zuidelijk Halfrond (exclusief overzeese gebieden) Ja
12%
Geen overeenkomende quizzen gevonden
Scoreverdeling
Procent van Mensen met Elke Score
Percentiel versus Aantal Correcte Antwoorden
Uw Scoregeschiedenis
U heeft deze quiz nog niet genomen